| 000 | 00451nam a2200193Ia 4500 | ||
|---|---|---|---|
| 008 | 170918s9999 xx 000 0 und d | ||
| 020 | _a9780590449400 | ||
| 050 | _bG441 1990 | ||
| 100 | _aGibbons, Gail | ||
| 245 | _aHow a house is built / | ||
| 245 | _cby Gail Gibbons. | ||
| 260 | _aNew York : | ||
| 260 | _bScholastic, | ||
| 260 | _c1990 | ||
| 300 | _aunpaged : | ||
| 300 | _bcolored illustration ; | ||
| 300 | _c20cm. | ||
| 500 | _a570 | ||
| 999 |
_c343107 _d343107 |
||